Obras poéticas completas / (Record no. 51845)

MARC details
000 -LEADER
campo de control de longitud fija 00620nam a2200181 i 4500
001 - NÚMERO DE CONTROL
campo de control 51845
003 - IDENTIFICADOR DE NÚMERO DE CONTROL
campo de control ES-MaACL
005 - FECHA Y HORA DE LA ÚLTIMA TRANSACCIÓN
campo de control 20250915213454.0
007 - CAMPO FIJO DE DESCRIPCIÓN FÍSICA--INFORMACIÓN GENERAL
campo de control de longitud fija t|
008 - DATOS DE LONGITUD FIJA--INFORMACIÓN GENERAL
campo de control de longitud fija 030820s1932 sp ||||1| spa d
100 1# - ENTRADA PRINCIPAL--NOMBRE DE PERSONA
Nombre de persona Darío, Rubén,
Fechas asociadas al nombre 1867-1916
9 (RLIN) 42720
245 10 - MENCIÓN DEL TÍTULO
Título Obras poéticas completas /
Mención de responsabilidad, etc. Rubén Darío (seud.) ; ordenación y prólogo de Alberto Ghiraldo.
260 ## - PUBLICACIÓN, DISTRIBUCIÓN, ETC.
Lugar de publicación, distribución, etc. Madrid :
Nombre del editor, distribuidor, etc. M. Aguilar,
Fecha de publicación, distribución, etc. 1932 (
Fabricante Aldus Artes Gráficas)
300 ## - DESCRIPCIÓN FÍSICA
Extensión XLVI. 1264 p. :
Otras características físicas retr., il. ;
Dimensiones 15 cm.
700 1# - ENTRADA AGREGADA--NOMBRE PERSONAL
Nombre de persona Ghiraldo, Alberto,
Fechas asociadas al nombre 1874-1946
9 (RLIN) 56573
852 ## - LOCALIZACIÓN
Ubicación ES-MaACL
Número de control de estantería A-991
Sublocalización o colección R.11118
Holdings
Estatus retirado Estado de pérdida Estado de daño No para préstamo Biblioteca de origen Biblioteca actual Ubicación en estantería Fecha de adquisición Fuente de adquisición Total de préstamos Signatura topográfica completa Código de barras Visto por última vez Precio de reemplazo Tipo de ítem Koha
        Biblioteca del Ateneo de Madrid Biblioteca del Ateneo de Madrid Sala Pecera Planta 1 17/01/2008     A-991 1054514 23/02/2023 23/02/2023 Libro impreso